<The> Pursuit of Gender Equality <An> Uphill Battle

Salvato in:
Dettagli Bibliografici
Natura: Libro
Lingua:inglese
Pubblicazione: Paris OECD 2017
Soggetti:
Tags: Aggiungi Tag
Nessun Tag, puoi essere il primo ad aggiungerne!!

MARC

LEADER 00000nam a2200000 4500
001 0241126
005 20221221134054.2
020 |a 978-92-64-28130-1 
041 0 |a eng 
044 |a FR 
245 1 0 |a <The> Pursuit of Gender Equality  |b <An> Uphill Battle 
264 1 |a Paris  |b OECD  |c 2017 
300 |a 302 s. 
610 2 0 |a rovnosť rodová 
610 2 0 |a dôsledky sociálne 
610 2 0 |a psychiatria 
610 2 0 |a demografia